MDQL
is popping MORE tags! Check the
thread
!
Quizzes
Events
Quiz Creation
Community
Videos
Private Events
Remove Ads
Sign In
Join for FREE
Feedback
Dark Mode
Quiz Categories
Sports
Geography
Music
Movies
Television
Just For Fun
Miscellaneous
History
Literature
Language
Science
Gaming
Entertainment
Religion
Holiday
For Kids
Quiz Lab
Recent
Popular Today
Quiz Kudos Today
Editor Picks
Curator Picks
Quizzes by...
Day
Popularity
Type
Ratings
Length
Year
Community
Subscriptions
Recent Discussions
Orange Saloon
Badges
Playlists
Quests
Create
Leaderboards
Showdown
Live 5
Trivia Bingo
Activity
Puzzle Library
Sporcle Events
Private Events
Virtual Trivia
Globe League
Become a Host
Pub Owners
SporcleCon
Opinionation
Our Games
Videos
Blog
Mobile Apps
Partnerships
Remove Ads and Go Orange
Feedback
Sports
Athletes
MLB
NBA
NHL
NFL
Soccer
Sports Teams
WWE
NCAA
Football
Premier League
Basketball
Baseball
Hockey
Golf
Tennis
Cricket
Rugby
Auto Racing
Olympics
World Cup
Sports
Athletes
MLB
NBA
NHL
NFL
Soccer
Sports Teams
WWE
NCAA
Football
Premier League
Basketball
Baseball
Hockey
Golf
Tennis
Cricket
Rugby
Auto Racing
Olympics
World Cup
Random Quiz
Search Sporcle
×
Quiz Lab
Quiz Lab
Sports
Oxford
Type in answers that appear in a list
Type in answers that appear in a list
Classic
Best Score? Go Orange.
Wexford All-Stars Stats
Can you name all of Wexfords hurling All-stars
By
jayoredmond
10m
37 Questions
597 Plays
597 Plays
597 Plays
Comments
Comments
Give Quiz Kudos
Give Quiz Kudos
-
- Ratings
hide this ad
Replay
Link that replays current quiz
Next Quiz
Link to next quiz in quiz playlist
You Got
0%
They Got
Avg Score
46%
Avg Friend Score
Upgrade to see
Score Distribution
Jump to the score distribution portion of the page
Score
0/37
Timer
10:00
0
Plays Today
Year
Answer
% Correct
1997
Damien Fitzhenry
86.3%
2004
Damien Fitzhenry
86.3%
1993
Martin Storey
85.8%
1998
Martin Storey
85.8%
1990
Liam Dunne
80.9%
1993
Liam Dunne
80.9%
1996
Larry O Gorman
77.9%
1967
Tony Doran
70.9%
1976
Tony Doran
70.9%
1996
Adrian Fenlon
67%
1981
George O Connor
65.5%
1988
George O Connor
65.5%
1996
Larry Murphy
65.3%
1996
Tom Dempsey
64.8%
1996
Rory McCarthy
62.5%
1972
Mick Jacob
52.6%
1976
Mick Jacob
52.6%
1977
Mick Jacob
52.6%
2001
Darragh Ryan
52.6%
Year
Answer
% Correct
1973
Martin Quigley
42%
1974
Martin Quigley
42%
1975
Martin Quigley
42%
1976
Martin Quigley
42%
1979
Ned Buggy
34.5%
1974
John Quigley
28%
1987
John Conran
25%
1973
Colm Doran
24%
1963
Billy Rackard
22.8%
1989
Eamonn Cleary
17.1%
1976
Willie Murphy
15.6%
1977
Christy Keogh
13.4%
1963
Tom Neville
11.1%
1964
Tom Neville
11.1%
1965
Tom Neville
11.1%
1965
Phil Wilson
10.2%
0.8%
0.8%
Quiz Playlist
Details
Report
Send in Message
Add To Playlist
Classic:
Type in answers that appear in a list
Last Updated: May 26, 2017
Quiz Scoreboard
CHALLENGE
Sign Up to Join the Scoreboard
Show All
Scores
Hide
Comments
May contain spoilers
Recently Published
Holiday 10x10 Sorting Gallery
by lukepisani3
Holiday
15m
Two Season TV Shows II
by 123Four
Television
10m
Image Sorting: Flags VI
by Barbecue
Geography
2m
More to Explore
Quiz From the Vault
Featured Blog Post
14 Easter Pick-up Lines to Find Eggs With
hide this ad
You Might Also Like...
Tags
Oxford
Today's Top Quizzes in Sports
Browse Sports
hide this ad
Today's Top Quizzes in Oxford
Browse Oxford
Top Contributed Quizzes in Sports
1
Les meilleurs buteurs des matchs entre le PSG et l’OM
2
Les entraîneurs de l'OM et du PSG au 21e siècle
3
2022 World Cup Stars
4
Players with Multiple 50 Home Run Seasons
5
Les joueurs passés par le PSG et l'OM
6
FIFA Club World Cup Champions
7
Top 10 NHL Goal Scorers of All Time
8
Criteria MLB: Left Handed Sluggers
9
Les joueurs passés par le LOSC et le RC Lens
10
2023 MLB Unique Player Accomplishments
Explore More
Trending Topics
Disney
NBA
Crossword
Kpop
Marvel
Anime
Harry Potter
Pokémon
Soccer
The Office
NFL
Puzzle
Song
Country
WWE
hide this ad
More By:
jayoredmond
Quiz
Plays
Rating
Category
Featured
Created
Wexford's 2019 Hurling Season
2,260
Sports
Dec 28, 2019
Wexford Hurlers - Unscramble
1,256
Sports
Apr 3, 2020
Wexford All-Stars
597
Sports
May 26, 2017
Wexford SHC Winning Captains Of The Decade
117
Sports
Jan 8, 2020
Go to Creator's Profile
Score Distribution
Quiz Creator Spotlight
jayoredmond
Follow
Send a Message
Quizzes Created
-
Created Quiz Play Count
-
More By This Creator
Popular Quizzes Today
1
Find the US States - No Outlines Minefield
2
Colored Red Africa Blitz
3
Find the 'City' Movie
4
The Countries of the World
5
Find the US States
6
5x2 Blitz: Bands
7
Find the Countries of Europe - No Outlines Minefield
8
US States
More Sports Quizzes
30-second 2013 Royal Rumble picture click
Quiz Lab
Trending Quizzes
Colored Red Europe Blitz I
Colored Red Europe Blitz II
Colored Red Africa Blitz II
Colored Red Africa Blitz III
Colored Red Europe Blitz III
Recently Updated
Odd Team Out - Big 4 Players
pecheneg
Quick Pick: 20 Twenties
pecheneg
March Madness Men's Triple Doubles
pecheneg
How Do You Spell That?
pecheneg
Godzilla Movies
pecheneg
Grab Bag: 4-10 Letters
pecheneg
2024 March Madness Bracket
pecheneg
Famous TV Couples
Peacemaker
Champions League XIs: Real Madrid
pecheneg
Largest US Cities 1790-2010
pecheneg
Trending Topics
Harry Potter
Disney
Kpop
Marvel
NBA
Anime
Crossword
Puzzle
The Office
Soccer
WWE
Song
Pokémon
Country
NFL
Your Account Isn't Verified!
In order to create a playlist on Sporcle, you need to verify the email address you used during registration. Go to your
Sporcle Settings
to finish the process.
Report this User
Report this user for behavior that violates our
Community Guidelines
.
Details:
Send Report
Go to the Sporcle.com Mobile Site →
Comments